01430nam a2200277 a 450000100100000000500170001000800410002704000250006808200160009310000290010924000580013824501820019626000350037830000090041349000280042250000270045050000900047759000760056770000370064370000370068083000350071704900090075295201870076195201870094899900170113500003523320200930074208.0111026s1957 ag 000 0 spa d aDO-SdBNPbspacBNPHU axxxxbN236r1 aNartmann, Nicolai96098610aGrundzüge einer metaphysik der erknntnislEspañol10aRasgos fundamentales de una metafísica del conocimiento /cNicolai Nartmann ; traducción de J. Rovira Armengol ; prólogo a las ediciones tercera y cuarta Nicolai Hartmann. aBuenos Aires :bLosada,c1957. a2 v.1 aBiblioteca filosófica aTraducido del alemán aColección publicada bajo la dirección de Biblioteca filosófica Francisco Romero aPerteneció a la biblioteca personal de Juan Isidro Jimenes Grullón.1 aRovira Armengol, J.,etr.9609871 aHartmann, Nicolaiepról960988 0aBiblioteca filosófica960733 aBNGR 001050718MOaGRbGRcCTd2011-10-26iLF1l0oxxxx N236rp35233-10r2020-06-25w2020-06-25y1zPerteneció a la biblioteca personal de Juan Isidro Jimenes -GrullónZNo se presta 001050718MOaGRbGRcCTd2011-10-26iLF1l0oxxxx N236rp35233-20r2020-06-25w2020-06-25y1zPerteneció a la biblioteca personal de Juan Isidro Jimenes -GrullónZNo se presta c34724d34724